Guida delle fonti per la storia dell'America Latina

Wedi'i Gadw mewn:
Manylion Llyfryddiaeth
Prif Awdur: Pásztor, Lajos (autore)
Fformat: Llyfr
Iaith:Eidaleg
Cyhoeddwyd: Ciudad del Vaticano Archivo Vaticano 1970
Cyfres:Collectanea Archivi Vaticani, 2
Pynciau:
Tagiau: Ychwanegu Tag
Dim Tagiau, Byddwch y cyntaf i dagio'r cofnod hwn!

MARC

LEADER 00000cam a2200000 a 4500
001 UCO2878
003 CL-VaPUC
008 000608e19700000VC |||||||||||||||||ita|d
082 0 4 |a 980.0072  |b PAS  |2 21 
100 |a Pásztor, Lajos  |e autore  |9 446585 
245 1 0 |a Guida delle fonti per la storia dell'America Latina 
300 |a 665 p 
942 |c BK 
945 |d 20000608 00:00:00  |a rherrera 
260 |a Ciudad del Vaticano  |b Archivo Vaticano  |c 1970 
650 0 |a Historia de América  |9 266076 
650 0 |a Historiografía   |9 257871 
651 0 |a América Latina   |9 255027 
583 |a last modification  |c 20150515 03:31:41  |k Rodrigo Vera 
490 0 |a Collectanea Archivi Vaticani, 2 
999 |c 289370  |d 289368 
952 |0 0  |1 0  |4 0  |6 980_007200000000000_PAS_1970  |7 0  |8 A  |9 337706  |a BIBHIS  |b BIBHIS  |d 2019-11-20  |i 1288563  |o 980.0072 PAS 1970  |p 1288563  |r 2025-01-20  |w 2019-11-20  |y BK  |k HIS 
952 |0 0  |1 0  |3 erb  |4 0  |6 980_007200000000000_PAS_1970  |7 0  |8 P  |9 337707  |a BIBTEO  |b BIBTES  |c TEO_FTES  |e Rehbein Pesce, Antonio, -2014  |i 5180988  |o 980.0072 PAS 1970  |p 5180988  |r 2024-01-18  |w 2019-11-20  |y BK  |z Catalogado en:20150520  |k ICR 
952 |0 0  |1 0  |3 erb  |4 0  |6 980_007200000000000_PAS_1970  |7 0  |8 P  |9 337708  |a BIBTEO  |b BIBTES  |c TEO_FTES  |e Rehbein Pesce, Antonio, -2014  |i 5180597  |o 980.0072 PAS 1970  |p 5180597  |r 2024-01-18  |w 2019-11-20  |y BK  |z Catalogado en:20150520  |k ICR 
952 |0 0  |1 0  |3 erb  |4 0  |6 980_007200000000000_PAS_1970  |7 0  |8 P  |9 337709  |a BIBTEO  |b BIBTES  |c TEO_FTES  |e Rehbein Pesce, Antonio, -2014  |i 5180511  |o 980.0072 PAS 1970  |p 5180511  |r 2024-01-18  |w 2019-11-20  |y BK  |z Catalogado en:20150710  |k ICR